00472nam a2200133Ia 4500008004100000100001900041245008400060245003900144260005300183260001800236300000800254650001500262856006100277170221s9999 xx 000 0 und d aAnna P. Rabets aDamage Done by Animals: Legal Qualification under Russian Law, Risk Management  cAnna P. Rabets, Tatiana Yu. Kareva bInternational Review of Management and Marketing cNovember 2015 a4:4 xMarketing. uhttp://www.econjournals.com/index.php/irmm/issue/view/86